| 000 | 00844cam a2200253 a 4500 | ||
|---|---|---|---|
| 001 | 000016247 | ||
| 005 | 20200929164333.0 | ||
| 008 | 810227s1969 mx 000 0aspa | ||
| 010 | _a79441919 | ||
| 035 | _a(DLC) 79441919 | ||
| 040 |
_aDO-SdBNP _cCarP _dDLC |
||
| 082 |
_a972 _bM722a |
||
| 100 | 1 |
_aMolina Enríquez, Andrés, _d1868-1940 _936301 |
|
| 245 | 1 | 0 |
_aAntología de Andrés Molina Enríquez / _cprólogo y selección, Álvaro Molina Enríquez. |
| 260 |
_aMéxico : _bOasis, _c1969. |
||
| 300 |
_a258 p. ; _c22 cm. |
||
| 490 | 1 |
_aPensamiento de América _v13 |
|
| 651 | 4 |
_aMéxico _xHistoria _y1867-1910 _916681 |
|
| 651 | 4 |
_aMéxico _xHistoria _y1910-1946 _924481 |
|
| 700 | 1 |
_aMolina Enríquez, Álvaro _epról. _936302 |
|
| 830 | 0 |
_aPensamiento de América ; _v13 _936303 |
|
| 910 | _aCatalogación por copia / LC | ||
| 049 | _aBNGR | ||
| 999 |
_c15784 _d15784 |
||